1411 1480 1730 1721 1190 1226 1442 1018 1194 1601 1184 1018 1799 1602 1723 1098 1578 1395 1748 1941 1704 1497 1058 1464 1007 1460 1447 1774 1435 1714 1767 1291 1391 1653 1802 1078 1760 1651 1092 1072 1179 1291 1009 1873 1440 1602 1400 1552 1579 1931 1799 1887 1585 1377 1652 1777 1981 1458 1132 1434 1918 1779 1929 1109 1537 1888 1048 1894 1312 1310 1719 1795 1154 1689 1584 1859 1159 1820 1970 1596 1969 1841 1257 1652 1003 1533 1049 1422 1581 1490 1235 1668 1988 1483 1416 1463 1562 1403 1037 BCNSPRNW ULIB Ver.6.0+V

เปลี่ยนเป็นภาษาไทย

Change to English
 แสดงรายละเอียดบรรณานุกรม
  กลับหน้าหลัก

Brief Record : Get Marc (ISO 2709) : E-mail record : QR code < ปิดหน้าต่าง
LEADER : 00000nam 2200000uu 4500
001    13399128321
003     ULIB
008    230607s2565||||th 000 0 tha d
020    ^a9786161111496
060 04 ^aWY159^bก492^cล.1
245 00 ^aการพยาบาลเด็ก^nเล่ม 1 :^bหลักและแนวคิดการพยาบาลเด็กและครอบครัวการพยาบาลทารกแรกเกิด /^cพรทิพย์ ศิริบูรณ์พัฒนา, บรรณาธิการ
250    ^aพิมพ์ครั้งที่ 4
260    ^aนนทบุรี :^bโครงการสวัสดิการวิชาการ สถาบันพระบรมราชชนกกระทรวงสาธารณสุข,^c2565
300    ^a339 หน้า :^bภาพประกอบ ;^c26 ซม.
650  4 ^aการพยาบาลกุมารเวชศาสตร์
700 0  ^aพรทิพย์ ศิริบูรณ์พิพัฒนา,^eบรรณาธิการ
710 2  ^aสถาบันพระบรมราชชนก.^bโครงการสวัสดิการวิชาการ
945    ^p250^l0^i29521
945    ^p250^l0^i29522
945    ^p250^l0^i29523
945    ^p250^l0^i29524
945    ^p250^l0^i29525
999    ^aกัณชพร จุลอักษร
รายการนี้ยังไม่มีแท็ก
คุณยังไม่ได้ล็อกอิน คุณสามารถมีกิจกรรมร่วมกับเว็บไซต์ได้ แต่ต้องล็อกอินก่อน ::
  ล็อกอิน

รายการสื่อสารสนเทศ

ลำดับที่ ประเภท เลขเรียก/บาร์โค้ด สถานที่ สถานะ
1. วิทยาศาสตร์การแพทย์ และสุขภาพ
วิทยาศาสตร์การแพทย์ และสุขภาพ
WY159 ก492 ล.1 ฉ.1 
  Barcode: 29521
ห้องสมุดวิทยาเขตนครสวรรค์
►หนังสือทั่วไป:l:General Books
บนชั้น
2. วิทยาศาสตร์การแพทย์ และสุขภาพ
วิทยาศาสตร์การแพทย์ และสุขภาพ
WY159 ก492 ล.1 ฉ.2 
  Barcode: 29522
ห้องสมุดวิทยาเขตนครสวรรค์
►หนังสือทั่วไป:l:General Books
บนชั้น
3. วิทยาศาสตร์การแพทย์ และสุขภาพ
วิทยาศาสตร์การแพทย์ และสุขภาพ
WY159 ก492 ล.1 ฉ.3 
  Barcode: 29523
ห้องสมุดวิทยาเขตนครสวรรค์
►หนังสือทั่วไป:l:General Books
ถูกยืม กำหนดส่งวันที่ 1 มีนาคม 2569
  จอง
4. วิทยาศาสตร์การแพทย์ และสุขภาพ
วิทยาศาสตร์การแพทย์ และสุขภาพ
WY159 ก492 ล.1 ฉ.4 
  Barcode: 29524
ห้องสมุดวิทยาเขตนครสวรรค์
►หนังสือทั่วไป:l:General Books
บนชั้น
5. วิทยาศาสตร์การแพทย์ และสุขภาพ
วิทยาศาสตร์การแพทย์ และสุขภาพ
WY159 ก492 ล.1 ฉ.5 
  Barcode: 29525
ห้องสมุดวิทยาเขตนครสวรรค์
►หนังสือทั่วไป:l:General Books
บนชั้น

รายการใกล้เคียง
    หัวเรื่อง [การพยาบาลกุมารเวชศาสตร์]

BibComment


ยังไม่เคยถูกคอมเมนท์

คอมเมนท์ทรัพยากรรายการนี้
  คอมเมนท์: การพยาบาลเด็ก เล..


 Copyright 2026. Bcnsprnw @Library